| 000 | 00746nam a2200205Ia 4500 | ||
|---|---|---|---|
| 001 | 1289 | ||
| 003 | GE_BSU | ||
| 008 | 181216s||||||||xx |||||||||||||| ||und|| | ||
| 040 | _cGE_BSU | ||
| 080 | _a633/635 ( 213.2)+632.2/4 | ||
| 100 | _aმკერვალი, ვ. | ||
| 245 | _aსუბტროპიკული კულტურების დაავადებანი და მათთან ბრძოლა | ||
| 260 | _aთბილისი | ||
| 260 | _bსაბჭოთა საქართველო | ||
| 260 | _c1985 | ||
| 300 | _a138 გვ. 19 სმ. | ||
| 541 | _h3 ლ. | ||
| 653 | _aსუბტროპიკული კულტურების დაავადებანი. | ||
| 942 | _cBK | ||
| 999 |
_c35431 _d35431 |
||